[Event "Lisbon Portugal rapid op"]
[Site "Lisbon"]
[Date "2022.09.04"]
[Round "11"]
[White "Ribeiro, Bruno Alexandre Rom"]
[Black "Sousa, Tadeu Filipe Leonar"]
[Result "1-0"]
[WhiteElo "2006"]
[BlackElo "1975"]
[PlyCount "95"]
[EventDate "2022.09.03"]
[EventType "swiss (rapid)"]
[EventRounds "11"]
[EventCountry "POR"]
[SourceTitle "CBM 210 Extra"]
[Source "ChessBase"]
[SourceDate "2022.11.30"]
[SourceVersion "1"]
[SourceVersionDate "2022.11.30"]
[SourceQuality "1"]

1. e4 c6 2. d4 d5 3. Nc3 dxe4 4. Nxe4 Nf6 5. Nxf6+ exf6 6. Bc4 Bd6 7. Ne2 0-0 8. 0-0 Re8 9. h3 Nd7 10. Bf4 Nf8 11. c3 Qc7 12. Bxd6 Qxd6 13. Qb3 Be6 14. Ng3 Bxc4 15. Qxc4 Qf4 16. Rfe1 Qd2 17. Re2 Rxe2 18. Qxe2 Qxe2 19. Nxe2 Re8 20. Kf1 Ne6 21. Rd1 Rd8 22. c4 Kf8 23. Ke1 Ke7 24. a4 a5 25. Rd2 Rd7 26. Kd1 g6 27. Kc2 Rd8 28. Kc3 f5 29. b3 Nc7 30. Nf4 Ne6 31. Ne2 Nc7 32. Nf4 Ne6 33. Re2 Kf6 34. Nxe6 fxe6 35. f4 h6 36. h4 Ra8 37. Re5 g5 38. hxg5+ hxg5 39. fxg5+ Kf7 40. d5 cxd5 41. cxd5 exd5 42. Rxf5+ Ke6 43. g4 Rh8 44. Kd4 Rh4 45. Re5+ Kf7 46. Rxd5 Rxg4+ 47. Kc3 b6 48. Rb5 1-0

[Event "Lisbon Portugal rapid op"]
[Site "Lisbon"]
[Date "2022.09.04"]
[Round "10"]
[White "Santos, Jose Guilherme B Li"]
[Black "Ribeiro, Bruno Alexandre Rom"]
[Result "1-0"]
[WhiteElo "2384"]
[BlackElo "2006"]
[PlyCount "85"]
[EventDate "2022.09.03"]
[EventType "swiss (rapid)"]
[EventRounds "11"]
[EventCountry "POR"]
[SourceTitle "CBM 210 Extra"]
[Source "ChessBase"]
[SourceDate "2022.11.30"]
[SourceVersion "1"]
[SourceVersionDate "2022.11.30"]
[SourceQuality "1"]

1. d4 Nf6 2. c4 g6 3. Nc3 d5 4. Nf3 Bg7 5. Qb3 dxc4 6. Qxc4 a6 7. e4 b5 8. Qb3 Bb7 9. e5 Nd5 10. a4 b4 11. Nxd5 Bxd5 12. Bc4 Bxc4 13. Qxc4 a5 14. Bf4 e6 15. Rc1 Nd7 16. Bg5 Nb6 17. Bxd8 Nxc4 18. Rxc4 Kxd8 19. Ke2 Bh6 20. h4 Kd7 21. h5 g5 22. Nd2 Bf8 23. Ne4 Be7 24. Kf3 h6 25. Rhc1 Rhc8 26. Ke3 Rab8 27. b3 Rb7 28. f3 Ra7 29. Nf2 f5 30. exf6 Bxf6 31. Ng4 Bg7 32. Ke4 Rf8 33. g3 Rf5 34. Rc5 Rf8 35. Rb5 Ra6 36. Rcc5 Rd6 37. Rc4 Ra6 38. Ne5+ Bxe5 39. dxe5 Rc6 40. Rxc6 Kxc6 41. Rxa5 Rb8 42. Ra6+ Kc5 43. Rxe6 1-0

[Event "Lisbon Portugal rapid op"]
[Site "Lisbon"]
[Date "2022.09.03"]
[Round "4"]
[White "Adao, David"]
[Black "Ribeiro, Bruno Alexandre Rom"]
[Result "0-1"]
[WhiteElo "1797"]
[BlackElo "2006"]
[PlyCount "68"]
[EventDate "2022.09.03"]
[EventType "swiss (rapid)"]
[EventRounds "11"]
[EventCountry "POR"]
[SourceTitle "CBM 210 Extra"]
[Source "ChessBase"]
[SourceDate "2022.11.30"]
[SourceVersion "1"]
[SourceVersionDate "2022.11.30"]
[SourceQuality "1"]

1. e4 e6 2. d4 d5 3. exd5 exd5 4. Nf3 Bd6 5. Bd3 Nf6 6. h3 h6 7. 0-0 0-0 8. Re1 b6 9. Nbd2 Ba6 10. Nf1 Bxd3 11. Qxd3 Ne4 12. c4 c6 13. Ne3 Re8 14. cxd5 cxd5 15. Nxd5 f5 16. Nc3 Nxc3 17. Rxe8+ Qxe8 18. bxc3 Qf7 19. Bb2 Nd7 20. c4 Rc8 21. Rc1 g5 22. d5 Re8 23. Nd4 Be5 24. Nxf5 Qf6 25. Bxe5 Rxe5 26. Ne3 Kg7 27. Qc3 h5 28. a4 Nc5 29. Qd4 Nb3 30. Qb2 Nxc1 31. Qxc1 Re4 32. c5 bxc5 33. Qxc5 Rxa4 34. d6 Ra1+ 0-1

[Event "Lisbon Portugal rapid op"]
[Site "Lisbon"]
[Date "2022.09.03"]
[Round "3"]
[White "Ribeiro, Bruno Alexandre Rom"]
[Black "Bastiao, Tomas"]
[Result "0-1"]
[WhiteElo "2006"]
[BlackElo "1762"]
[PlyCount "78"]
[EventDate "2022.09.03"]
[EventType "swiss (rapid)"]
[EventRounds "11"]
[EventCountry "POR"]
[SourceTitle "CBM 210 Extra"]
[Source "ChessBase"]
[SourceDate "2022.11.30"]
[SourceVersion "1"]
[SourceVersionDate "2022.11.30"]
[SourceQuality "1"]

1. e4 c5 2. Nc3 g6 3. g3 Bg7 4. Bg2 Nc6 5. d3 e5 6. Nh3 d6 7. f4 Nge7 8. 0-0 0-0 9. Ng5 h6 10. Nf3 Nd4 11. Ne2 f5 12. fxe5 dxe5 13. c3 fxe4 14. Nfxd4 Rxf1+ 15. Kxf1 exd3 16. Qxd3 exd4 17. Nf4 Bf5 18. Qc4+ Kh7 19. g4 Bxg4 20. Bxb7 dxc3 21. bxc3 Qd1+ 22. Kf2 Rf8 23. Kg2 g5 24. Be4+ Bf5 25. Bb2 Qg4+ 26. Kh1 Bxe4+ 27. Qxe4+ Qf5 28. Qxe7 Qxf4 29. c4 Qf3+ 30. Kg1 Qf2+ 31. Kh1 Qxb2 32. Qe4+ Kh8 33. Rd1 Qf2 34. Qd3 Qf3+ 35. Kg1 Qf2+ 36. Kh1 Qf3+ 37. Qxf3 Rxf3 38. Rd8+ Kh7 39. Rd7 Ra3 0-1

[Event "Menorca op 1st"]
[Site "Ciutadella de Menorca"]
[Date "2022.04.20"]
[Round "1"]
[White "Ribeiro, Bruno Alexandre Rom"]
[Black "Sadhwani, Raunak"]
[Result "0-1"]
[WhiteElo "2072"]
[BlackElo "2628"]
[PlyCount "52"]
[EventDate "2022.04.20"]
[EventType "swiss"]
[EventRounds "7"]
[EventCountry "ESP"]
[SourceTitle "CBM 207 Extra"]
[Source "ChessBase"]
[SourceDate "2022.05.31"]
[SourceVersion "1"]
[SourceVersionDate "2022.05.31"]
[SourceQuality "1"]

1. e4 g6 2. d4 d6 3. Nc3 Bg7 4. Nf3 a6 5. Be3 b5 6. Bd3 Bb7 7. 0-0 Nd7 8. Ne2 Ngf6 9. Nd2 e5 10. h3 exd4 11. Bxd4 0-0 12. f4 Re8 13. a4 b4 14. c3 bxc3 15. Bxf6 Qxf6 16. bxc3 Nc5 17. Qc2 Re7 18. Nd4 Nxd3 19. Qxd3 c5 20. Ne2 Rae8 21. Nc4 Bxe4 22. Qxd6 Re6 23. Qxc5 Bxg2 24. Nd4 Bxf1 25. Nxe6 Qxe6 26. Rxf1 Rc8 0-1

[Event "Azores op 4th"]
[Site "Ponta Delgada"]
[Date "2017.12.08"]
[Round "3"]
[White "Ribeiro, Bruno Alexandre Rom"]
[Black "Campora, Daniel Hugo"]
[Result "0-1"]
[WhiteElo "2120"]
[BlackElo "2417"]
[PlyCount "62"]
[EventDate "2017.12.07"]
[EventType "swiss"]
[EventRounds "7"]
[EventCountry "POR"]
[SourceTitle "CBM 182 Extra"]
[Source "ChessBase"]
[SourceDate "2018.02.23"]
[SourceVersion "1"]
[SourceVersionDate "2018.02.23"]
[SourceQuality "1"]

1. e4 e5 2. Nf3 Nc6 3. Bb5 a6 4. Ba4 Nf6 5. d4 exd4 6. 0-0 Be7 7. e5 Ne4 8. Nxd4 0-0 9. Nf5 d5 10. Bxc6 bxc6 11. Nxe7+ Qxe7 12. Re1 f5 13. f3 Nc5 14. b3 Ne6 15. Ba3 c5 16. Qxd5 Rb8 17. Qc4 Rd8 18. Nc3 Rd4 19. Qf1 Bb7 20. Rad1 Rbd8 21. Rxd4 Rxd4 22. Na4 Bc6 23. c3 Rd2 24. Bc1 Rxa2 25. Qxa6 Qe8 26. Be3 Bxf3 27. Bf2 Bd5 28. Qd3 Be4 29. Qc4 Qg6 30. g3 Kf8 31. Rd1 Qg4 0-1

[Event "POR-chT"]
[Site "Porto"]
[Date "2016.08.15"]
[Round "2.3"]
[White "Lombaers, Peter"]
[Black "Ribeiro, Bruno Alexandre Rom"]
[Result "1-0"]
[WhiteElo "2289"]
[BlackElo "2136"]
[PlyCount "59"]
[EventDate "2016.08.14"]
[EventType "team-tourn"]
[EventRounds "9"]
[EventCountry "POR"]
[SourceTitle "CBM 173 Extra"]
[Source "ChessBase"]
[SourceDate "2016.08.29"]
[SourceVersion "1"]
[SourceVersionDate "2016.08.29"]
[SourceQuality "1"]
[WhiteTeam "Porto"]
[BlackTeam "Mata de Benfica"]
[WhiteTeamCountry "POR"]
[BlackTeamCountry "POR"]

1. d4 Nf6 2. c4 g6 3. f3 Bg7 4. e4 d6 5. Nc3 0-0 6. Be3 c6 7. Bd3 Nbd7 8. Nge2 e5 9. d5 cxd5 10. cxd5 Ne8 11. 0-0 f5 12. exf5 gxf5 13. f4 Nb6 14. Ng3 e4 15. Be2 Nf6 16. Qb3 Ne8 17. a4 Nd7 18. a5 Qh4 19. Nb5 Nc5 20. Qa3 Rf6 21. Nxd6 Nxd6 22. Bxc5 Rh6 23. h3 Bxb2 24. Qxb2 Qxg3 25. Ra3 Qg7 26. Bd4 Qe7 27. Bh5 Rxh5 28. Rg3+ Kf8 29. Bc5 Ke8 30. Rg8+ 1-0

[Event "POR-chT3 final"]
[Site "Caldas da Rainha"]
[Date "2014.08.17"]
[Round "3.1"]
[White "Santos, Antonio Pereira"]
[Black "Ribeiro, Bruno Alexandre Rom"]
[Result "1-0"]
[WhiteElo "2253"]
[BlackElo "2177"]
[PlyCount "79"]
[EventDate "2014.08.16"]
[EventType "team-tourn"]
[EventRounds "3"]
[EventCountry "POR"]
[SourceTitle "EXT 2018"]
[Source "ChessBase"]
[SourceDate "2017.10.13"]
[SourceVersion "1"]
[SourceVersionDate "2017.10.13"]
[SourceQuality "1"]
[WhiteTeam "Sporting Clube Portugal"]
[BlackTeam "CeCSSAC"]
[WhiteTeamCountry "POR"]
[BlackTeamCountry "POR"]

1. c4 Nf6 2. Nc3 d5 3. cxd5 Nxd5 4. e4 Nb6 5. d4 g6 6. Be3 Bg7 7. Qd2 0-0 8. Nf3 c6 9. h3 Be6 10. b3 a5 11. Ng5 Bc8 12. a4 Na6 13. Be2 e5 14. d5 cxd5 15. Bxb6 Qxb6 16. Nxd5 Qd8 17. Qe3 h6 18. Nf3 Be6 19. Rd1 Bxd5 20. Rxd5 Qe7 21. Bxa6 Rxa6 22. 0-0 Rd8 23. Rfd1 Rad6 24. Qc5 Rxd5 25. Rxd5 Qxc5 26. Rxc5 b6 27. Rb5 Rd6 28. Kf1 f6 29. Rd5 Rxd5 30. exd5 Kf7 31. Nd2 Bf8 32. Nc4 Bc5 33. Ke2 Bd4 34. f3 Ke7 35. Kd3 Bc5 36. g4 Bd4 37. f4 h5 38. gxh5 gxh5 39. Ke4 Kd7 40. fxe5 1-0

[Event "POR-chT3 final"]
[Site "Caldas da Rainha"]
[Date "2014.08.16"]
[Round "1.1"]
[White "Ribeiro, Bruno Alexandre Rom"]
[Black "Sousa, Nuno Miguel Vale"]
[Result "1-0"]
[WhiteElo "2177"]
[BlackElo "1991"]
[PlyCount "35"]
[EventDate "2014.08.16"]
[EventType "team-tourn"]
[EventRounds "3"]
[EventCountry "POR"]
[SourceTitle "EXT 2018"]
[Source "ChessBase"]
[SourceDate "2017.10.13"]
[SourceVersion "1"]
[SourceVersionDate "2017.10.13"]
[SourceQuality "1"]
[WhiteTeam "CeCSSAC"]
[BlackTeam "Grupo de Xadrez 113"]
[WhiteTeamCountry "POR"]
[BlackTeamCountry "POR"]

1. e4 c5 2. g3 Nc6 3. Bg2 g6 4. c3 Bg7 5. Ne2 e5 6. 0-0 d6 7. d3 f5 8. f4 Nf6 9. Na3 Be6 10. fxe5 dxe5 11. Be3 Qe7 12. exf5 Ng4 13. Qa4 Nxe3 14. Bxc6+ Kd8 15. fxe6 bxc6 16. Rf7 Qxe6 17. Rxg7 Qf6 18. Qh4 1-0

[Event "POR-chT"]
[Site "Aveiro"]
[Date "2000.06.12"]
[Round "2"]
[White "Ribeiro, Bruno Alexandre Rom"]
[Black "Damaso, Rui"]
[Result "0-1"]
[WhiteElo "2194"]
[BlackElo "2425"]
[PlyCount "62"]
[EventDate "2000.06.11"]
[EventType "team-swiss"]
[EventRounds "9"]
[EventCountry "POR"]
[SourceTitle "EXT 2001"]
[Source "ChessBase"]
[SourceDate "2000.11.22"]
[SourceVersion "1"]
[SourceVersionDate "2000.11.22"]
[SourceQuality "1"]

1. e4 e5 2. Nf3 Nc6 3. Bb5 a6 4. Ba4 Nf6 5. d4 exd4 6. 0-0 Be7 7. e5 Ne4 8. Nxd4 0-0 9. Nf5 d5 10. Bxc6 bxc6 11. Nxe7+ Qxe7 12. Re1 Bb7 13. Qg4 Qxe5 14. f3 f5 15. Qh4 f4 16. fxe4 dxe4 17. Nc3 c5 18. Qf2 Rae8 19. Be3 Re6 20. Rad1 Ref6 21. Rd2 fxe3 22. Qxe3 h5 23. Nxe4 Re6 24. Rde2 Rfe8 25. Qb3 Bd5 26. Qa4 Qxb2 27. c3 Qb5 28. Qc2 Qc4 29. Ng5 Rxe2 30. Qh7+ Kf8 31. Rf1+ Ke7 0-1

[Event "POR SuperCup 9899"]
[Site "Caldas da Felgueira"]
[Date "1999.11.06"]
[Round "1.3"]
[White "Ribeiro, Fernando"]
[Black "Ribeiro, Bruno Alexandre Rom"]
[Result "1-0"]
[WhiteElo "2217"]
[BlackElo "2202"]
[PlyCount "67"]
[EventDate "1999.11.06"]
[EventType "team"]
[EventRounds "2"]
[EventCountry "POR"]
[SourceTitle "EXT 2004"]
[Source "ChessBase"]
[SourceDate "2003.11.25"]
[SourceVersion "1"]
[SourceVersionDate "2003.11.25"]
[SourceQuality "1"]

1. e4 e6 2. d3 d5 3. Nd2 Nf6 4. Ngf3 dxe4 5. dxe4 Bc5 6. Be2 0-0 7. 0-0 Nc6 8. c3 a5 9. a4 e5 10. Qc2 h6 11. Bb5 Qe7 12. Nc4 Bd7 13. Re1 Rfd8 14. h3 Bd6 15. Ne3 Nb8 16. Bc4 c6 17. Nh4 Na6 18. Nef5 Bxf5 19. Nxf5 Qf8 20. Qe2 Nc5 21. Qf3 Be7 22. Qg3 Nfxe4 23. Qg6 Kh8 24. Bxf7 Nd6 25. Nxe7 Qxf7 26. Be3 Nd3 27. Qxd3 Qxe7 28. Bb6 Rf8 29. Bc5 Rad8 30. Rad1 Rf6 31. Rd2 Qe6 32. Qg3 Rg6 33. Rxe5 Nf7 34. Rxe6 1-0

[Event "POR SuperCup 9899"]
[Site "Caldas da Felgueira"]
[Date "1999.11.03"]
[Round "2.3"]
[White "Ribeiro, Bruno Alexandre Rom"]
[Black "Ribeiro, Fernando"]
[Result "0-1"]
[WhiteElo "2202"]
[BlackElo "2217"]
[PlyCount "84"]
[EventDate "1999.11.06"]
[EventType "team"]
[EventRounds "2"]
[EventCountry "POR"]
[SourceTitle "EXT 2004"]
[Source "ChessBase"]
[SourceDate "2003.11.25"]
[SourceVersion "1"]
[SourceVersionDate "2003.11.25"]
[SourceQuality "1"]

1. e4 c5 2. d4 cxd4 3. c3 Nf6 4. e5 Nd5 5. Nf3 Nc6 6. cxd4 d6 7. Bc4 Nb6 8. Bb5 dxe5 9. Nxe5 Bd7 10. Bxc6 Bxc6 11. 0-0 Qd5 12. Nxc6 Qxc6 13. Nc3 e6 14. Qg4 h5 15. Qe2 Rd8 16. Rd1 Be7 17. Bf4 Nd5 18. Nxd5 Qxd5 19. Rac1 g5 20. Bd2 h4 21. h3 Kd7 22. b3 Rc8 23. Rc4 b5 24. Rxc8 Rxc8 25. Qd3 a6 26. Rc1 Rxc1+ 27. Bxc1 f5 28. Bb2 Bf6 29. a4 Bd8 30. axb5 axb5 31. Kf1 Kc6 32. Ba3 Bf6 33. Bb2 Kb7 34. Qc3 g4 35. f3 gxh3 36. gxh3 e5 37. Ke2 exd4 38. Qd3 Qe5+ 39. Kd1 Qh2 40. Bxd4 Qd6 41. Qxf5 Qxd4+ 42. Kc2 Qe5 0-1

[Event "Lisbon-ch"]
[Site "Lisbon"]
[Date "1997.??.??"]
[Round "5"]
[White "Ribeiro, Bruno Alexandre Rom"]
[Black "Boino, Claudio N Vigidal"]
[Result "1-0"]
[WhiteElo "2000"]
[BlackElo "2000"]
[PlyCount "61"]
[EventDate "1997.??.??"]
[EventType "tourn"]
[EventRounds "11"]
[EventCountry "POR"]
[SourceTitle "EXT 2001"]
[Source "ChessBase"]
[SourceDate "2000.11.22"]
[SourceVersion "1"]
[SourceVersionDate "2000.11.22"]
[SourceQuality "1"]

1. e4 e5 2. Nf3 Nc6 3. Bb5 a6 4. Ba4 Nf6 5. d4 exd4 6. 0-0 Be7 7. e5 Ne4 8. Nxd4 0-0 9. Nf5 d5 10. Bxc6 bxc6 11. Nxe7+ Qxe7 12. Re1 f6 13. f3 Ng5 14. Qd4 Nf7 15. Bf4 Re8 16. e6 Bxe6 17. Nc3 Rab8 18. a3 Nd6 19. Na4 Nb5 20. Qf2 Qf7 21. Nc5 Ra8 22. Re2 Bf5 23. Rxe8+ Qxe8 24. Re1 Qf7 25. g4 Bd7 26. a4 Nd6 27. b3 a5 28. Qe2 h5 29. h3 hxg4 30. hxg4 Qf8 31. Nxd7 1-0